00461nam a2200121Ia 4500008004100000245007700041245004000118260000900158650002900167856005100196999001900247952007300266171204s9999 xx 000 0 und d aMarathon Running: Physiology, Psychology, Nutrition and Training Aspects cBilly Sperlich and Christoph Zinner c2016 xPHYSIOLOGICAL PSYCHOLOGY uhttp://down.ebook777.com/038/9783319297262.pdf c346480d346480 001040aCLbCLd2017-12-04l0r2017-12-04 00:00:00w2017-12-04yCBE